Mlieko situačná a výhľadová správa k 31.12.2005

Bibliographic Details
Main Author: Šajbidorová, Viera (Author)
Format: Book
Language:Slovak
Published: V Bratislave Výskumný ústav ekonomiky poľnohospodárstva a potravinárstva 2006
Edition:1. vyd.
Subjects:

MARC

LEADER 00000nam a2200000 a 4500
001 vtls008826444
003 SK-MaSNL
005 20260302042208.0
008 240318s2006 xo l f as 000 0 slo
015 |a SNBE2006/03-00709 
020 |a 8080584168  |q (brož.) 
040 |a SNK  |b slo  |c SNK  |e AACR2 
041 0 |a slo  |b eng  |b slo 
043 |a e-xo---  |a e------ 
044 |a xo  |c SK 
072 7 |a 637  |x Živočíšne produkty  |2 konspekt 
080 |a 637.1/.3  |x (437.6+4)  |x (047.1)  |x "2005.12"  |2 2001 
080 |a 637.1  |2 2001 
080 |a (437.6)  |2 2001 
080 |a (047)  |2 2001 
080 |a (083.41)  |2 2001 
080 |a 637.1/.3  |2 2001 
100 1 |a Šajbidorová, Viera  |4 aut  |9 403085 
245 1 0 |a Mlieko  |b situačná a výhľadová správa k 31.12.2005  |c autor: Viera Šajbidorová 
250 |a 1. vyd. 
260 |a V Bratislave  |b Výskumný ústav ekonomiky poľnohospodárstva a potravinárstva  |c 2006 
300 |a 31 s.  |b tab. grafy  |c 30 cm 
500 |a Obsahuje zoznam skratiek 
506 |a 60 výt. 
546 |a Res. angl. a slov. 
610 2 7 |a Európska únia  |2 SNKPH  |9 29861 
650 0 7 |a mliekarstvo  |2 SNKPH  |9 3941 
650 0 7 |a mlieko  |2 SNKPH  |9 3942 
651 7 |a Slovensko  |2 SNKPH 
655 7 |a štatistické prehľady  |2 SNKPH  |9 70689 
655 7 |a správy  |2 SNKPH  |9 70563 
919 |a 80-8058-416-8 
999 |c 1081908  |d 1083838 
952 |a SNK  |b SNK  |y PREZ  |7 0  |p 17A0514502  |o snkOSB 13282/2005/[2]  |i snk2006/12899  |8 0  |0 0  |1 0  |4 0  |d 2006-06-27  |l 0  |r 2026-02-24 16:28:25  |w 2026-02-24 
952 |a SNK  |b SNK  |y VYP  |7 0  |p 17A0514503  |o snkOSB 13282/2005/[2] D1  |i snk2006/12900  |8 0  |0 0  |1 0  |4 0  |d 2006-06-27  |l 0  |r 2026-02-24 16:28:25  |w 2026-02-24